Organizations (Record no. 2671)

MARC details
000 -LEADER
fixed length control field 00365nam a22001697a 4500
005 - DATE AND TIME OF LATEST TRANSACTION
control field 20160614143653.0
008 - FIXED-LENGTH DATA ELEMENTS--GENERAL INFORMATION
fixed length control field 160614b xxu||||| |||| 00| 0 eng d
020 ## - INTERNATIONAL STANDARD BOOK NUMBER
ISBN 81-203-2072-7
041 ## - LANGUAGE CODE
Language code of text/sound track or separate title eng
082 ## - DEWEY DECIMAL CLASSIFICATION NUMBER
Item number 7467
100 ## - MAIN ENTRY--AUTHOR NAME
Personal name Hall, Richard H
245 ## - TITLE STATEMENT
Title Organizations
260 ## - PUBLICATION, DISTRIBUTION, ETC. (IMPRINT)
Name of publisher PHI
300 ## - PHYSICAL DESCRIPTION
Number of Pages 278
650 ## - SUBJECT ADDED ENTRY--TOPICAL TERM
Topical Term Management
942 ## - ADDED ENTRY ELEMENTS (KOHA)
Koha item type Books
Holdings
Lost status Damaged status Collection code Home library Current library Shelving location Date acquired Source of acquisition Cost, normal purchase price Full call number Accession Number Koha item type
    MANAGEMENT JRU Library JRU Library SHELF-71-E 14/06/2016 PURCHASE 125.00 7467 7467 Books